| 000 | 00415nam a2200145Ia 4500 | ||
|---|---|---|---|
| 008 | 230917s9999||||xx |||||||||||||| ||und|| | ||
| 040 |
_e21289 _aMAIN |
||
| 041 | _aEnglish | ||
| 082 | _a301.0973 M448T | ||
| 100 | _aMauss, Armand L. ed. | ||
| 245 | 0 | _aThis land of promises: The rise and fall of social problems in America | |
| 260 |
_aPhiladelphia _bJ B Lippincott _c1977 |
||
| 300 | _axiv, 452 p. | ||
| 942 | _cBK | ||
| 999 |
_c216106 _d216106 |
||